00389nam a22001337a 4500003000700000005001700007008004100024082002000065100002300085245008200108260003100190300000800221650002600229MPLRDC20220104142807.0210129b ||||| |||| 00| 0 eng d a051.4 P2HJ 1969 a槟城韩江中学 a槟城韩江中学高中第十四高商第九届特别班第四届毕业刊c ab槟城韩江中学c1969 b精 a学术纪要、学刊